LEADER 01832oas 22006133a 450 001 9910695934303321 005 20251106213014.0 035 $a(OCoLC)71291857 035 $a(CONSER) 2007230185 035 $a(CKB)5470000002374460 035 $a(EXLCZ)995470000002374460 100 $a20060911a19uu9999 sa a 101 0 $aeng 135 $aur||||||||||| 181 $ctxt$2rdacontent 182 $cc$2rdamedia 183 $acr$2rdacarrier 200 00$aNIST time and frequency bulletin 210 $aBoulder, CO $cU.S. Dept. of Commerce, Technology Administration, National Institute of Standards and Technology 215 $avolumes $cdigital, PDF file 225 1 $aNISTIR 410 0$aNISTIR. 517 1 $aNIST time scale data and bulletin archive 517 1 $aNational Institute of Standards and Technology time and frequency bulletin 517 1 $aTime and frequency bulletin 606 $aTime-signals$vPeriodicals 606 $aRadio frequency$xMeasurement$vPeriodicals 606 $aRadio frequency$xMeasurement$2fast$3(OCoLC)fst01087312 606 $aTime-signals$2fast$3(OCoLC)fst01151202 608 $aPeriodicals.$2fast 608 $aPeriodicals.$2lcgft 615 0$aTime-signals 615 0$aRadio frequency$xMeasurement 615 7$aRadio frequency$xMeasurement. 615 7$aTime-signals. 676 $a522 712 02$aNational Institute of Standards and Technology (U.S.) 801 0$bBUF 801 1$bBUF 801 2$bGPO 801 2$bNSD 801 2$bOCLCQ 801 2$bOCLCO 801 2$bOCLCF 801 2$bOCLCQ 801 2$bGILDS 801 2$bOCLCO 801 2$bOCLCQ 801 2$bOCLCL 801 2$bOCLCQ 906 $aBOOK 912 $a9910695934303321 996 $aNIST time and frequency bulletin$93505766 997 $aUNINA